Dunajská Streda

Bibliographic Details
Other Authors: Kanka, Ján (Photographer)
Format: Postcard
Language:Slovak
PhysicalDescription:1 pohľadnica čiernobiela 11 x 15 cm
Published: Bratislava Vydavateľstvo politickej literatúry [s.a.]
Subjects:

MARC

LEADER 00000nkm a2200000 a 4500
001 vtls010688518
003 SK-MaSNL
005 20260512122723.0
007 kp bo
008 231206n xo g kuslo
015 |a SNBG 
035 |a 42CD04C2-015C-4FDF-B0DC-A10786393C3E 
035 |a urn:nbn:sk:snk-kmxxsi 
035 |a urn:nbn:sk:snk-km004x34 
040 |a SNK  |b slo  |c SNK  |e AACR2 
041 0 |a slo 
043 |a e-xo--- 
044 |a xo  |c SK 
080 |a 908(437.6)  |2 2001 
080 |a (084.121)  |2 2001 
100 1 |a Kanka, Ján  |4 pht  |9 181462 
245 1 0 |a Dunajská Streda  |h grafika  |c fotogr. Ján Kanka 
260 |a Bratislava  |b Vydavateľstvo politickej literatúry  |c [s.a.] 
300 |a 1 pohľadnica  |b čiernobiela  |c 11 x 15 cm 
651 7 |a Dunajská Streda (Slovensko)  |2 SNKPH  |9 17375 
655 7 |a miestne pohľadnice  |2 SNKPH  |9 70510 
852 |a Slovenská národná knižnica 
958 |a GC 
958 |a GBN 
958 |a OND 
999 |c 670039  |d 671969 
952 |a SNK  |b SNK  |y PREZ  |7 0  |p 17A1139957  |o snkSP 570  |0 0  |1 0  |4 0  |d 2015-06-25  |f 1  |l 0  |r 2026-02-23 19:23:40  |w 2026-02-23